[Event "Doha AAB op 5th"]
[Site "Doha"]
[Date "2021.11.13"]
[Round "4"]
[White "Ping, Alvin"]
[Black "Al Khulaifi, Ghada"]
[Result "1-0"]
[WhiteElo "1574"]
[BlackElo "1660"]
[PlyCount "69"]
[EventDate "2021.11.12"]
[EventType "swiss"]
[EventRounds "7"]
[EventCountry "QAT"]
[SourceTitle "CBM 205 Extra"]
[Source "ChessBase"]
[SourceDate "2022.01.31"]
[SourceVersion "1"]
[SourceVersionDate "2022.01.31"]
[SourceQuality "1"]

1. d4 d5 2. Bf4 Nf6 3. e3 e6 4. Nd2 Bd6 5. Bg3 0-0 6. Ngf3 b6 7. Bd3 Bb7 8. Ne5 c5 9. c3 cxd4 10. exd4 Nc6 11. Qe2 Rc8 12. f4 Ne7 13. Bf2 Ng6 14. g3 Bxe5 15. fxe5 Ne4 16. Nxe4 dxe4 17. Bxe4 Bxe4 18. Qxe4 f5 19. exf6 Rxf6 20. 0-0 Qd7 21. Be3 Re8 22. Bg5 Rxf1+ 23. Rxf1 Qb5 24. Bc1 Qc4 25. a3 Qb5 26. Rf2 e5 27. d5 Rd8 28. c4 Qa4 29. Bg5 Rc8 30. Rc2 b5 31. d6 bxc4 32. Qd5+ Kh8 33. d7 Rf8 34. Rf2 h6 35. Rxf8+ 1-0

[Event "Doha AAB op 5th"]
[Site "Doha"]
[Date "2021.11.12"]
[Round "2"]
[White "Ping, Alvin"]
[Black "Tallayo, Marlon Adiwang"]
[Result "1-0"]
[WhiteElo "1574"]
[BlackElo "1574"]
[PlyCount "103"]
[EventDate "2021.11.12"]
[EventType "swiss"]
[EventRounds "7"]
[EventCountry "QAT"]
[SourceTitle "CBM 205 Extra"]
[Source "ChessBase"]
[SourceDate "2022.01.31"]
[SourceVersion "1"]
[SourceVersionDate "2022.01.31"]
[SourceQuality "1"]

1. d4 d6 2. Bf4 Nf6 3. Nc3 c6 4. e4 Qa5 5. Qd2 e5 6. Be3 b5 7. f3 Nbd7 8. Nge2 Nb6 9. Ng3 Nc4 10. Bxc4 bxc4 11. 0-0 Rb8 12. Rab1 Be7 13. h3 Qc7 14. f4 exf4 15. Bxf4 0-0 16. Bg5 Qd8 17. Rf3 Be6 18. Rbf1 Ne8 19. Bxe7 Qxe7 20. d5 cxd5 21. exd5 Bd7 22. Re1 Qd8 23. b3 cxb3 24. axb3 Rc8 25. Nce4 h6 26. c4 a5 27. Qd4 f5 28. Ref1 g6 29. Kh1 Qc7 30. h4 Qd8 31. h5 Qh4+ 32. Kg1 Ng7 33. Rf4 Qe7 34. hxg6 Qe5 35. Nd2 Be8 36. Nxf5 Qxd4+ 37. Nxd4 Rxf4 38. Rxf4 Bxg6 39. Rf6 Be8 40. Rxh6 Rd8 41. Ne4 Ra8 42. Rxd6 a4 43. bxa4 Rxa4 44. Nf6+ Kf7 45. Nxe8 Nxe8 46. Rc6 Ke7 47. Nf5+ Kd7 48. Kf2 Ra2+ 49. Kf3 Ra3+ 50. Kg4 Ra1 51. Kf4 Ra8 52. g4 1-0